| 000 | 00477cam a2200169ua 4500 | ||
|---|---|---|---|
| 041 |
_aeng _h |
||
| 082 |
_a028.763 _bDES/MO |
||
| 100 | _aDeshpande, S D . | ||
| 245 |
_aMonograph on traditional and improved bullock carts of India / _cS D Deshpande. _hTextual Documents |
||
| 250 |
_a1 / _b. |
||
| 260 |
_aBhopal : _bCentral Institute of Agricultural Engineering , _c1984. |
||
| 300 | _a158 ; . | ||
| 504 | _a | ||
| 700 | 1 | _aOjha, T.P. | |
| 942 | _cBK | ||
| 999 |
_c8940 _d8940 |
||